| 000 | 01979nam a2200433Ia 4500 | ||
|---|---|---|---|
| 001 | dia_5527 | ||
| 003 | CHAP | ||
| 005 | 20250613131305.0 | ||
| 007 | ta | ||
| 008 | 220117s1993 mx d fr 001 0 spa d | ||
| 040 |
_cCHAP _amxchpua |
||
| 090 |
_aT.C.150 _bM37 IAI _c1993 |
||
| 245 | 1 | 0 |
_aReporte de Viaje de estudios a la región del Bajo Papaloapan / _ccoordinador Damaso Martínez Pérez ; colaboradores Evelio Aguilar Gudiño...[et al.] |
| 260 |
_aMéxico : _bEl autor, _c1993 |
||
| 300 |
_a118 hojas : _bgráficas, diagramas, tablas |
||
| 336 |
_2rdacontent _atexto _btxt |
||
| 337 |
_2rdamedia _asin medio _bn |
||
| 338 |
_2rdacarrier _avolumen _bnc |
||
| 500 | _a5° año | ||
| 502 |
_aViaje de Estudios _b(IAI) -- _cUACh. Departamento de Ingeniería Agroindustrial, _d1993 |
||
| 504 | _aBibliografía: hoja 99 | ||
| 505 | _tIndustrias visitadas: -- 1. San Benito del encinal Mpio. de Loma Bonita, Oaxaca -- 2. Arroyo Metate, Mpio. Loma Bonita, Oaxaca -- 3. Tierra Alta, Mpio. Loma Bonita, Oaxaca -- 4. Zacatixpan, Mpio. Loma Bonita, Oaxaca -- 5. Las Sabanetas, Mpio. de Chacaltianguis, Veracruz -- 6. Linda Vista, Mpio. de José Azueta, Veracruz -- 7. Curazao, Mpio. de José Azueta , Veracruz -- 8. Dobladero, Mpio. de José Azueta, Veracruz -- 9. Corporación Agroindustrial del Bajo Papaloapan -- 10. Agroindustrias de Loma Bonita, Oaxaca -- 11. Tropi Frut, S. A. de C. V. | ||
| 650 | 1 | 3 |
_aCarne _919053 |
| 650 | 1 | 3 |
_aChile _9147902 |
| 650 | 1 | 3 |
_aSandia _9102056 |
| 650 | 1 | 7 |
_aPiña (Ananas comosus) _2 _988387 |
| 650 | 1 | 3 |
_aMeat _9150746 |
| 650 | 1 | 3 |
_aPineapple _9158859 |
| 650 | 1 | 3 |
_aWatermelon _9158860 |
| 700 | 1 |
_aMartínez Pérez, Dámaso _972386 _ecoordinador |
|
| 700 | 1 |
_aAguilar Gudino, Evelio _9149929 _ecolaborador |
|
| 901 | _aT.C.150 M37 IAI 1993 | ||
| 902 | _aM | ||
| 905 | _a5332271993 mx nim 8223123322spa16 | ||
| 942 | _2local | ||
| 942 | _cVE | ||
| 999 |
_c176447 _d176447 |
||